Sanctuary! / (Record no. 5923)
[ view plain ]
| 000 -LEADER | |
|---|---|
| fixed length control field | 00599nam a22002057a 4500 |
| 001 - CONTROL NUMBER | |
| control field | 14029322 |
| 005 - DATE AND TIME OF LATEST TRANSACTION | |
| control field | 20241003002028.0 |
| 008 - FIXED-LENGTH DATA ELEMENTS--GENERAL INFORMATION | |
| fixed length control field | 050314s2005 ce 000 0 eng |
| 020 ## - INTERNATIONAL STANDARD BOOK NUMBER | |
| ISBN | 9558095877 |
| 040 ## - CATALOGING SOURCE (பட்டியலாக்க மூலம்) | |
| Original cataloging agency | DLC |
| Transcribing agency | DLC |
| 082 ## - DDC Classification | |
| DDC Edition Number | 22 |
| Class No. | 812 |
| Item Number - Author Mark | RAM |
| 100 1# - MAIN ENTRY--PERSONAL NAME | |
| Personal name | Ramakrishna, Hema. |
| 245 10 - TITLE STATEMENT | |
| Title | Sanctuary! / |
| 250 ## - EDITION STATEMENT | |
| Edition statement | 1st ed. |
| 260 ## - PUBLICATION, DISTRIBUTION, ETC. | |
| Place of publication, distribution, etc. | Colombo : |
| Name of publisher, distributor, etc. | Vijitha Yapa Publications, |
| Date of publication, distribution, etc. | 2005. |
| 300 ## - PHYSICAL DESCRIPTION | |
| Extent (e.g. Volumes, Pages etc.) | 86 p. ; |
| 500 ## - GENERAL NOTE | |
| General note | Play. |
| 500 ## - GENERAL NOTE | |
| General note | Subtitle: A play in six scenes, with a prologue delivered by the trees of the forest, and an epilogue delivered by Narada, the sage. |
| 942 ## - Koha item type (Biblio) | |
| Koha item type | Books in Stacks (Lending) |
No items available.
